MARC

LEADER 00000nam0a2200000 4500
001 265863
005 20231101233945.0
020 |a RU  |b 86-87388 
035 |a (RuTPU)RU\TPU\book\288865 
090 |a 265863 
100 |a 20140630d1986 k y0rusy5003 ca 
101 0 |a rus 
102 |a UA 
105 |a y z 001zy 
200 1 |a Расщепление спектра матриц  |f К. Г. Валеев 
210 |a Киев  |c Вища школа  |d 1986 
215 |a 272 с. 
320 |a Библиогр.: с. 266-270. 
606 1 |a Матрицы вычислительные  |x Численные методы  |2 stltpush  |3 (RuTPU)RU\TPU\subj\41381  |9 61174 
610 1 |a спектры 
610 1 |a расщепление 
610 1 |a собственные числа 
610 1 |a собственные векторы 
610 1 |a алгебраические уравнения 
610 1 |a решения 
610 1 |a оптимальное управление 
610 1 |a численный синтез 
675 |a 519.61  |v 3 
700 1 |a Валеев  |b К. Г.  |g Ким Галямович 
801 0 |a RU  |b RuMRKP  |c 19950704  |g psbo 
801 1 |a RU  |b 63413507  |c 20140630 
801 2 |a RU  |b 63413507  |c 20150921  |g RCR 
942 |c BK